Terjemahan dan pengglobalan ilmu=Translation and the globalization of knowledge

Bibliographic Details
Main Author: Abdullah Hassan
Other Authors: Low Kok On
Format: Book
Published: Pahang : PTS Professional Publishing , 2005
Subjects:

MARC

LEADER 00000cam a2200000 7i4500
001 0000014064
005 20080520.0
008 080221
020 |a 983337655x 
090 0 0 |a 418.02   |b ABD 
100 0 |a Abdullah Hassan 
245 1 0 |a Terjemahan dan pengglobalan ilmu=Translation and the globalization of knowledge   |c penyusun Abdullah Hassan 
260 |a Pahang :   |b PTS Professional Publishing ,   |c 2005 
650 0 |a Knowledge management   |x Congresses 
650 0 |a Translating and interpreting   |x Congresses 
700 0 |a Low Kok On 
999 |a 0000924498   |b Book   |c Adult Collection   |e Cawangan Bukit Gambir 
999 |a 0000924499   |b Book   |c Adult Collection   |e Cawangan Bukit Gambir 
999 |a 0000939017   |b Book   |c Adult Collection   |e Cawangan Tangkak 
999 |a 0000939018   |b Book   |c Adult Collection   |e Cawangan Tangkak 
999 |a 0001012947   |b Book   |c REFERENCE   |e Perbadanan Perpustakaan Awam Johor 
999 |a 0001012950   |b Book   |c REFERENCE   |e Perbadanan Perpustakaan Awam Johor